Click oceania countries by abbreviation - Statistics

General Stats
  • This quiz has been taken 15 times
  • The average score is 11 of 16
Answers on the Map
Answers color-coded by a green-red scale on the quiz's map according to % correct below.
 
Answer Stats
Answer % Correct
Aus
91%
Tuv
82%
Van
82%
Mar
73%
Nau
73%
Pap
73%
Sol
73%
Cal
64%
Fij
64%
Sam
64%
Ton
64%
Fre
55%
F.S.M
55%
Kir
55%
New
55%
Pal
45%
No matching quizzes found
Score Distribution
Percent of People with Each Score
Percentile by Number Answered
Your Score History
You have not taken this quiz